000 00692nam a2200289Ia 4500
005 20260324140419.0
008 008 260324s9999 xx 000 0 eng d
020 _a9780429039805
037 _aEBOOK
040 _aCRL
040 _beng
040 _cCRL
041 _2eng
041 _aeng
084 _qCRL
100 _aJames T Sears
_91204298
245 0 _aLonely Hunters
245 3 _bAn Oral History Of Lesbian And Gay Southern Life, 1948-1968
260 _bTaylor and Francis
260 _c1999
365 _a
365 _b230
856 _uhttp://www.taylorfrancis.com/books/9780429039805
942 _cEBOOK
999 _c1806364
_d1806364